Della compilazione dei cataloghi per biblioteche e del modo di pubblicarli per mezzo di titoli separati stereotipati : (Record no. 156328)

MARC details
000 -LEADER
campo de control de longitud fija 01483nam a2200373 i 4500
001 - NÚMERO DE CONTROL
campo de control 156328
003 - IDENTIFICADOR DE NÚMERO DE CONTROL
campo de control ES-MaACL
005 - FECHA Y HORA DE LA ÚLTIMA TRANSACCIÓN
campo de control 20250905063051.0
008 - DATOS DE LONGITUD FIJA--INFORMACIÓN GENERAL
campo de control de longitud fija 040730e1888 it |r 001 0 ita d
040 ## - FUENTE DE CATALOGACIÓN
Centro catalogador/agencia de origen CAM
Lengua de catalogación spa
Centro/agencia transcriptor ES-MaACL
080 ## - NÚMERO DE LA CLASIFICACIÓN DECIMAL UNIVERSAL
Número de la Clasificación Decimal Universal 025.34
080 ## - NÚMERO DE LA CLASIFICACIÓN DECIMAL UNIVERSAL
Número de la Clasificación Decimal Universal 017.1(.)
080 ## - NÚMERO DE LA CLASIFICACIÓN DECIMAL UNIVERSAL
Número de la Clasificación Decimal Universal 017.2(.)
080 ## - NÚMERO DE LA CLASIFICACIÓN DECIMAL UNIVERSAL
Número de la Clasificación Decimal Universal 017.2 A/Z
080 ## - NÚMERO DE LA CLASIFICACIÓN DECIMAL UNIVERSAL
Número de la Clasificación Decimal Universal 025.3
100 1# - ENTRADA PRINCIPAL--NOMBRE DE PERSONA
Nombre de persona Jewett, Charles C.,
Fechas asociadas al nombre 1816-1868
Término indicativo de función/relación Autor
9 (RLIN) 128301
245 10 - MENCIÓN DEL TÍTULO
Título Della compilazione dei cataloghi per biblioteche e del modo di pubblicarli per mezzo di titoli separati stereotipati :
Resto del título regole ed esempi /
Mención de responsabilidad, etc. di Charles C. Jewett ; prima versione dall'inglese a cura del del Dr. Guido Biagi
260 ## - PUBLICACIÓN, DISTRIBUCIÓN, ETC.
Lugar de publicación, distribución, etc. In Firenze :
Nombre del editor, distribuidor, etc. G. C. Sansoni,
Fecha de publicación, distribución, etc. 1888
300 ## - DESCRIPCIÓN FÍSICA
Extensión IX, 120 páginas ;
Dimensiones 24 cm
490 1# - MENCIÓN DE SERIE
Mención de serie Biblioteca di bibliografia e paleografia ;
Designación de volumen o secuencia 3
500 ## - NOTA GENERAL
Nota general Índices
530 ## - NOTA DISPONIBLE DE FORMULARIO FÍSICO ADICIONAL
Nota de formato físico adicional disponible Disponible en formato digital
594 ## - NOTA AL TITULO Y MENCION DE RESPONSABILIDAD
Nota Traducción de: On the construction of catalogues of libraries
650 #7 - PUNTO DE ACCESO ADICIONAL DE MATERIA--TÉRMINO DE MATERIA
Término de materia o nombre geográfico como elemento de entrada Catálogos de bibliotecas
Fuente del encabezamiento o término embne
9 (RLIN) 242215
650 #7 - PUNTO DE ACCESO ADICIONAL DE MATERIA--TÉRMINO DE MATERIA
Término de materia o nombre geográfico como elemento de entrada Catalogación bibliográfica
Fuente del encabezamiento o término embne
9 (RLIN) 10838
700 1# - ENTRADA AGREGADA--NOMBRE PERSONAL
Nombre de persona Biagi, Guido,
Fechas asociadas al nombre 1855-1925
Término indicativo de función/relación Traductor
9 (RLIN) 125983
752 ## - ENTRADA AGREGADA--NOMBRE JERÁRQUICO DEL LUGAR
País o entidad superior Italia -
Ciudad Florencia
830 #0 - PUNTO DE ACCESO ADICIONAL DE SERIE-TÍTULO UNIFORME
Título uniforme Biblioteca di bibliografia e paleografia ;
Designación de volumen o secuencia 3
9 (RLIN) 182513
852 4# - LOCALIZACIÓN
Ubicación ES-MaACL
Ubicación en estantería Depósito 2
Número de control de estantería F-2280
856 4# - LOCALIZACIÓN Y ACCESO ELECTRÓNICOS
Identificador Uniforme de Recursos <a href="https://babel.hathitrust.org/cgi/pt?id=uc1.b4579553&seq=9">https://babel.hathitrust.org/cgi/pt?id=uc1.b4579553&seq=9</a>
Texto de enlace Versión en línea
Nota pública (HathiTrust)
942 ## - ELEMENTOS DE ENTRADA SECUNDARIOS (KOHA)
Tipo de ítem Koha Libro impreso antiguo
Suprimir en OPAC No
Holdings
Estatus retirado Estado de pérdida Fuente del sistema de clasificación o colocación Estado de daño No para préstamo Colección Biblioteca de origen Biblioteca actual Ubicación en estantería Fecha de adquisición Total de préstamos Signatura topográfica completa Código de barras Visto por última vez Tipo de ítem Koha
    Clasificación decimal universal     Libros del s. XIX Biblioteca del Ateneo de Madrid Biblioteca del Ateneo de Madrid Depósito 2 17/01/2008   F-2280 1163551 23/02/2023 Libro impreso antiguo